| 000 | 00465nam a22001817a 4500 | ||
|---|---|---|---|
| 003 | CEME | ||
| 005 | 20210628205724.0 | ||
| 008 | 210316b xxu||||| |||| 00| 0 eng d | ||
| 020 | _a0-89006-893-3 | ||
| 040 | _c. | ||
| 082 | _a621.384803 RAR | ||
| 100 |
_aRadar technology encyclopedia _976817 |
||
| 245 | _aRadar technology encyclopedia | ||
| 260 |
_aLONDON _bARTECH HOUSE _c1997 |
||
| 300 | _a511P | ||
| 650 |
_aRADAR-ENCYCLOPEDIAS _976818 |
||
| 942 |
_cBK _2ddc |
||
| 999 |
_c582141 _d582141 |
||